The Antigonish review

Detalles Bibliográficos
Autores Corporativos: St. Francis Xavier University. Department of English, St. Francis Xavier University
Formato: Electrónico Revista
Lenguaje:inglés
Publicado: [Antigonish, N.S.] : St. Francis Xavier University
Materias:
Acceso en línea:Full text available from Research Library: 01/01/2004 to 10/31/2009

MARC

LEADER 00000nas a2200000 a 4500
001 ssj0030891
003 WaSeSS
005 20200512172242.0
006 m d
007 cr n
008 050822c19709999nscqr p s o 0 0eng c
010 |a  2011236800 
016 7 |a 2509085-9  |2 DE-600 
022 |y 0003-5661 
035 |a (WaSeSS)ssj0030891 
040 |a OCLCS  |b eng  |c OCLCS  |d OCLCS  |d TXJ  |d OCLCQ  |d FJM  |d OCLCQ  |d HEBIS  |d OCLCE  |d NOC  |d OCL  |d OCLCQ  |d OCLCA  |d OCLCQ  |d OCLCA  |d OCLCF  |d OCLCQ  |d CUS  |d INARC  |d VT2  |d WaSeSS 
042 |a pcc 
050 1 4 |a PN2  |b .A65 
055 0 1 |a PS8001 
130 0 |a Antigonish review (Online) 
245 1 4 |a The Antigonish review  |h [electronic resource]. 
260 |a [Antigonish, N.S.] :  |b St. Francis Xavier University 
362 1 |a Print began with v. 1 in spring 1970. 
500 |a Includes indexes. 
506 |a License restrictions may limit access. 
550 |a Vols. for spring 1970-summer 1971 published by the Dept. of English, St. Francis Xavier University; autumn 1971- by St. Francis Xavier University. 
588 |a Description based on print version record. 
588 |a Latest issue consulted: Fall 2009 (159). 
650 0 |a Literature  |v Periodicals. 
650 7 |a Literature.  |2 fast  |0 (OCoLC)fst00999953 
655 0 |a Electronic journals. 
710 2 |a St. Francis Xavier University.  |b Department of English. 
710 2 |a St. Francis Xavier University. 
776 0 8 |i Print version, 1970-2017:  |t Antigonish review  |x 0003-5661  |w (DLC) 73641763  |w (OCoLC)1785445 
856 4 0 |z Full text available from Research Library: 01/01/2004 to 10/31/2009  |u https://search.proquest.com/publication/46876